Relaciones e incidencias entre las actividades sociales y el entorno físico-natural de la Amazonía ecuatoriana : parroquia Diez de Agosto, provincia de Pastaza /

Guardado en:
Otros Autores: Dávila, Álvaro Vinicio. (Disertante), Gil, Verónica. (Orientador)
Formato: Manuscrito
Idioma:Spanish
Publicado: 2021.
Materias:
Acceso en línea:Texto completo
Etiquetas: Agregar Etiqueta
Sin Etiquetas, Sea el primero en etiquetar este registro!
LEADER 01409ntm a22003135a 4500
001 EUN.eunm008810
008 211222s2021####ag#######bm###000#0#spa#d
005 20220809085157.0
245 1 0 |a Relaciones e incidencias entre las actividades sociales y el entorno físico-natural de la Amazonía ecuatoriana :  |b parroquia Diez de Agosto, provincia de Pastaza /  |c Álvaro Vinicio Dávila. 
260 |c 2021. 
300 |a xi, 243 h. :  |b il. col. ;  |c 30 cm. 
500 |a Directora de tesis: Verónica Gil. 
500 |a "Tesis Doctoral en Geografía". 
502 |a Tesis (doctoral)--Universidad Nacional del Sur. Departamento de Geografía y Turismo, 2021. 
530 |a Disponible también en formato digital. 
504 |a Incluye referencias bibliográficas. 
100 1 |a Dávila, Álvaro Vinicio.  |4 dis 
700 1 |a Gil, Verónica.  |4 ths 
710 2 |a Universidad Nacional del Sur.  |b Departamento de Geografía y Turismo  |4 dgg. 
082 0 4 |a 040  |2 15 
082 0 4 |a 333.72  |2 15 
650 7 |a Geografía.  |2 unbist 
650 7 |a Territorio.  |2 Isoc 
651 7 |a Amazonas (Región)  |2 BN Argentina 
653 |a Problemáticas ambientales 
653 |a Relaciones físico-sociales 
856 4 1 |3 Texto completo  |u https://repositoriodigital.uns.edu.ar/handle/123456789/5850 
859 |a AR-BaUNS  |b BIB. CENTRAL - Tesis  |h 040  |i B148 2021-1817  |k R  |p 128351/021 
859 |a AR-BaUNS  |b Dto. Geografia  |h 040  |i B148 2021-1817  |p 128352/021